000
00287nam a22001337a 4500
008
181121b xxu||||| |||| 00| 0 eng d
020
_a
0534031935
041
_a
eng
080
_a
610.73
100
_a
2
101
_a
INF
245
_a
Nursing Assessment
_c
Bellack,J
942
_2
udc
_c
BK
999
_c
52299
_d
52299